Asas psikologi pendidikan

Bibliographic Details
Main Author: Mohamad Bokhari
Other Authors: Ahmad Rozelan Yunus, Syed Najmuddin Syed Hassan
Format: Book
Language:Malay
Published: Melaka : Penerbit Universiti Teknikal Malaysia Melaka , 2013
Series:Siri pengajaran dan pembelajaran pusat pengajaran dan pembelajaran Modul 4
Subjects:

MARC

LEADER 00000cam a2200000 7i4500
001 0000025608
005 20141002.0
008 260914 my a may
020 |c RM10.00 
040 |a INS 
090 0 0 |a BF713   |b M64 2013. 
100 1 |a Mohamad Bokhari 
245 1 0 |a Asas psikologi pendidikan   |c Mohamad Bokhari, Syed Najmuddin Syed Hassan dan Ahmad Rozelan Yunus 
260 |a Melaka :   |b Penerbit Universiti Teknikal Malaysia Melaka ,   |c 2013 
300 |a 71ms :   |b ill ;   |c 24cm. 
490 1 |a Siri pengajaran dan pembelajaran pusat pengajaran dan pembelajaran Modul 4 
500 |a mengandungi rujukan 
650 0 |a Psychology, Education 
700 1 |a Ahmad Rozelan Yunus 
700 1 |a Syed Najmuddin Syed Hassan 
999 |a 1000002020   |b BOOK   |c Open Shelf   |e Default branch